[Event "Amsterdam NH Hotels 5th"]
[Site "Amsterdam"]
[Date "2010.08.15"]
[Round "4"]
[White "Van Wely, Loek"]
[Black "Giri, Anish"]
[Result "0-1"]
[WhiteElo "2677"]
[BlackElo "2672"]
[Annotator "Giri,A"]
[PlyCount "68"]
[EventDate "2010.08.12"]
[EventType "schev"]
[EventRounds "10"]
[EventCountry "NED"]
[SourceTitle "CBM 138"]
[Source "ChessBase"]
[SourceDate "2010.09.17"]
[SourceVersion "1"]
[SourceVersionDate "2010.09.17"]
[SourceQuality "1"]

{For this game against my well-known compatriot I was especially motivated.
Not only that I wanted to start my winning series in the tournament (and
recover from a horrible game against Ljubojevic), but also I wanted to take
revenge for the Dutch Championship, the game that I played very badly and lost,
which was very important for the outcome of the whole tournament. But now
let's start with the game.} 1. c4 {In our earlier above mentioned encounter
Loek went for my centred move - 1.d4!} c6 2. Nf3 (2. e4 {is usually played by
people who have Slavophobia. Or Panovomania.}) 2... d5 3. e3 Nf6 4. Nc3 e6 5.
b3 {This unprincipled way of playing was a surprise for me. Not only that it's
not exactly in the style of Loek, but also that he has hardly played it before
and in such a variation, it's experience that matters.} Nbd7 6. Bb2 {Already
on move six my opponent makes a very doubtful decision. How normal the move
may seem, it allows Black to take the centre. As it turned out in the
post-mortem, my opponent wanted to trick me, saving on the move Qc2. In fact
later Peter Svidler did manage to trick me with some other move order, but in
that game I managed to solve my opening problems rather easily as well.} (6.
Qc2 {is much more usual and probably more strong. The point being} e5 $6 (6...
Bd6 {is usual and then after} 7. Bb2 O-O 8. Be2 {Black has a huge choice and
whatever he chooses the position remains balanced. In the above mentioned game
against Peter Svidler we went through a different move order and I choose the
most popular b6 Bb7 setup and equalised.}) (6... a6 7. d4 $1 {not allowing e5
anymore.}) 7. cxd5 cxd5 $2 8. Nb5 $1 Bc5 9. b4 $18 (9. Nxe5)) 6... e5 $5 {
Strangely enough almost all the top-players don't allow this possibility,
while when they get the chance to play it themselves they avoid it... I am
talking about among others such giants as Kramnik and Gelfand.} 7. Qc2 {
Threatening that Nb5 idea, but now Black has a sound reply.} (7. d4 e4 8. Nd2 {
is a way to play the position, pretending that you have the black pieces and
are happy to play a French Defence.}) (7. cxd5 cxd5 8. Qc1 $5 {is another
interesting possibility with the idea to exchange the future bad bishop.} a6 9.
Ba3 Be7 10. Be2 {was played in game Eingorn-Delchev in 2001, with a balanced
position. In that game Black somehow managed to outplay White easily.}) 7... a6
8. cxd5 ({Here again} 8. d4 {was an option} e4 9. Nd2 {with a French structure.
But it wasn't appealing to Loek that day.}) 8... cxd5 9. g4 $6 {It is pretty
logical to try to exploit the better development of the white pieces, but in
fact I was very happy with this move. To be honest, I was already sure that if
I made a couple of good moves, I would take over the initiative.} h6 {A
typical reaction. The well-known point of meeting g4 with h6 is that after h4
White will have to waste one more tempo to play g5 and take back with a pawn.
In this position, White simply can't afford that.} 10. Rg1 $6 {This natural
move turned out to be another inaccuracy, but it's hard to suggest anything
good for White already. Whatever he does, if Black defends precisely he just
takes over.} (10. g5 {is very logical, but it may be that such opening of the
h- and g-file will benefit Black.} hxg5 11. Nxg5 Nc5 {should be actually
better for Black. White isn't mating or anything, so in a couple of moves he
will have to turn back to defence.} (11... g6 $2 12. Ne6 $1 {is a line I saw
during the game, it stimulated me not to lose my sense of danger completely...}
)) (10. h3 {Simply protecting the g-pawn forever is probably the best, but
after the simple developing} Bd6 {it's not clear what White is doing. He may
try to continue developing and slowly prepare g4, or a knight manoeuvre like
Nh4-f5.}) 10... e4 11. Nxd5 {A practical try. To be honest, I actually
intended to play ...e4 quickly, then I suddenly noticed this move had a little
shock; but then realising that it isn't in any way dangerous for Black, I
confidently went ...e4.} (11. Nd4 Ne5 12. h3 (12. g5 $2 hxg5 13. Rxg5 Nfg4 $1)
12... Bc5 13. Be2 {is clearly worse for White. Black may take on d4, or just
continue developing, in any case White's position seems a bit ugly.} (13. Ncb5
$2 Bb6 $1)) 11... Nxd5 12. Qxe4+ Ne7 {Now Black has two defensive ideas - Nc5
and Nf6. It is impossible to parry both.} 13. Rc1 (13. Bc4 Nc5 14. Ne5 {
is losing in a funny way -} Qxd2+ $1) 13... Nf6 $1 {This move is actually a
very strong defensive idea. Black's doubled pawns will be very good protection
of the squares and the monarch himself.} 14. Bxf6 gxf6 15. Bc4 {Somewhere here
I must say I was even overestimating my position a bit. I thought that after a
couple of moves my opponent will resign, so I countinued playing quickly.
Though I played reasonable, I believe I might have had a more precise way to
convert the advantage.} Bg7 (15... Qd6 $5 {may be actually more precise.}) 16.
h4 Qd6 (16... O-O $2 {is what the engine screams first, but it's obviously
very dangerous -} 17. g5 $1 hxg5 18. hxg5 f5 19. Qh4 Ng6 20. Qh5 Qd6 21. Rh1
Re8 22. Nh4 {with some attack.}) (16... Kf8 {however was my initial intention
and was maybe even more precise.}) 17. Nd4 Kf8 18. f4 $2 {A weird looking move
that in fact was a big strategic mistake. White should have gone Nf5
immediately followed by d4, trying to build up some sort of fortress. In that
case I might have had harder time winning this game.} (18. Nf5 $1 Bxf5 19. gxf5
{followed by d4 with only a slight advantage for Black. However in long run
after transferring the bishop to the f8-b4 diagonal one day, Black should
crack White's position. I also must add that I should have not given my
opponent this chance, and perhaps played 16...Kf8 instantly.}) 18... h5 {
A strong move, trying to open the position. Usually the side with an extra
piece benefits from it. However even stronger was the other way to open it up.}
(18... f5 $1 19. Nxf5 Bxf5 20. gxf5 Rd8 21. Rc2 b5 22. Be2 Nd5 {and after ...
Bf6 and ...Rg8, the extra piece will tell.}) 19. Nf5 (19. f5 {was the move I
considered mostly. Now I thought that Black gets a big advantage with} hxg4 (
19... Rb8 $5 {was more patient and maybe even stronger.}) 20. Qxg4 Rh7 $1)
19... Bxf5 20. gxf5 Rd8 21. Ke2 $5 {A clever move. It was a big and unpleasant
surprise for me, but luckily enough, I managed to find the refutation of it.} (
{Anything else would lose easily - e.g.} 21. d4 Qd7 22. Bd3 Nd5 23. Kd2 Re8 24.
Qg2 Bh6 25. Rce1 Qd6 {and everything that stands on a dark square will slowly
drop, one piece after another.}) 21... b5 $1 (21... Qxd2+ $6 22. Kf3 {would be
pretty mutual with Black having to watch out for all the Bxf7 and Rxg7 tricks.}
) 22. Bd3 Nd5 {Now White can't defend from all the threats.} 23. Kf3 Nxf4 $1
24. Qxf4 Qxd3 25. Rg2 Re8 $1 {This is in any case winning, but I did not like
to allow Qe4, which would make my task more a bit more difficult.} 26. Rcg1 Rh7
27. Qb4+ Kg8 28. Qc5 ({After I knew all I had to do is avoid the most logical
and my first intention} 28. Qf4 Kh8 $4 {because of ... find it yourself!} (
28... Re5 29. Rc1 Rh8 $1 {is the easiest win for Black.})) 28... Kh8 {Now I
had accomplished my plan. ...Bh6 and ...Rg7 will follow and suddenly there are
no ugly pieces anymore and the "bad" bishop on g7, turns out to be not so bad
as it looks.} 29. b4 Bh6 30. Rc1 Rg7 31. Rxg7 Kxg7 32. Rg1+ Kh7 33. Qa7 Qxf5+
34. Ke2 Qe6 {And here my opponent decided that it was time for dinner.  I was
very happy with the game, especially considering its importance for my
tournament.} 0-1

[Event "FRA-chT Gp-A"]
[Site "France"]
[Date "2004.04.02"]
[Round "5"]
[White "Gurevich, Mikhail"]
[Black "Doettling, Fabian"]
[Result "1/2-1/2"]
[WhiteElo "2656"]
[BlackElo "2532"]
[Annotator "Gurevich,M"]
[PlyCount "108"]
[EventDate "2004.01.30"]
[EventType "team"]
[EventRounds "7"]
[EventCountry "FRA"]
[SourceTitle "CBM 100"]
[Source "ChessBase"]
[SourceDate "2004.06.01"]
[SourceVersion "1"]
[SourceVersionDate "2004.06.01"]
[SourceQuality "1"]
[WhiteTeam "Gonfreville"]
[BlackTeam "Orange"]
[WhiteTeamCountry "FRA"]
[BlackTeamCountry "FRA"]

1. c4 c6 2. Nf3 d5 3. e3 Nf6 4. Qc2 a6 (4... g6 5. d4 Bg7 6. Nc3 O-O 7. Bd2 Bf5
8. Qb3 Qb6 9. Qa3 Na6 10. Rc1 dxc4 11. Bxc4 Qb4 12. Qxb4 Nxb4 13. e4 $6 (13.
Ne5 $5 {н/\14.a3}) 13... Be6 $1 $14 14. Bxe6 Nd3+ 15. Ke2 Nxc1+ 16. Rxc1 fxe6
$17 {1/2-1/2 Rotstein,A-Volkmann,F/Jenbach AUT 2004/The Week in Chess 489 (80)}
) 5. h3 e6 6. d4 $5 {TN} (6. b3 Bd6 7. Bb2 Nbd7 8. d4 Ne4 9. Bd3 f5 10. O-O Qf6
11. Nbd2 O-O 12. Rae1 h6 13. Qc1 Rf7 14. Rd1 a5 15. Qa1 a4 16. bxa4 Rxa4 17.
Ne5 Rf8 18. Ndf3 $13 {1/2-1/2 Gurevich,M-Volkov,S/Batumi 2002/CBM 90 (34)})
6... c5 $5 7. dxc5 Bxc5 8. cxd5 Qxd5 9. Nc3 Qc6 (9... Qd6 10. Be2 O-O 11. O-O
Nc6 12. Rd1 $36) 10. Bd2 $5 {[н/\11.Rc1|^]} Nbd7 11. Rc1 (11. Bd3 $5 {(н/\12.
Ne4)} Be7 $13) 11... Be7 12. Qb1 Qd6 13. Ne4 $6 (13. Be2 $5 {(н/\14.0-0,15.
Rfd1н|^)}) 13... Nxe4 14. Qxe4 Nf6 15. Qd4 Bd7 16. Bd3 Bc6 17. O-O (17. Qxd6
Bxd6 18. Bc3 Ke7 19. Ke2 $11) 17... Bxf3 $6 (17... Qxd4 18. Nxd4 Bd5 $11) 18.
Qxd6 Bxd6 19. gxf3 Ke7 20. Rc2 Rac8 21. f4 $5 Rxc2 22. Bxc2 Rc8 23. Rc1 Nd5 $6
(23... g6 $11) 24. f5 $5 Nb4 (24... Bb4 25. Be4 $14) 25. Bb1 Rxc1+ 26. Bxc1
exf5 27. a3 Nc6 28. Bxf5 $14 g6 29. Be4 Ke6 30. Kf1 Be5 31. Ke2 f5 32. Bb1 Ne7
33. Ba2+ Nd5 $1 {[н/\34....Kd6,35...Nf6]} 34. f4 Bg7 35. Kf3 Kd6 36. e4 fxe4+
37. Kxe4 Nf6+ 38. Kf3 Nd5 39. Bb1 $5 {[н/\40.f5,40.Be4]} Ne7 40. Be4 b6 41. b4
Bc3 42. Bb7 a5 43. bxa5 bxa5 44. Ke4 {[텢e4-d3-c4-b5]} Kc5 $1 45. Kd3 Bf6 46.
Ba6 Nd5 47. Bc8 Bg7 48. Be6 (48. Bd2 a4 49. Bd7 Bb2 $11) 48... Bb2 $1 49. Bxd5
(49. Bxb2 Nxf4+ $17) 49... Bxc1 50. Bg8 $11 Bxf4 51. Bxh7 g5 52. Bg6 Bc1 53. a4
Kb4 54. Be8 Bf4 1/2-1/2

[Event "Andorra op 23rd"]
[Site "Andorra"]
[Date "2005.07.15"]
[Round "7"]
[White "Gurevich, Mikhail"]
[Black "Peralta, Fernando"]
[Result "1/2-1/2"]
[WhiteElo "2669"]
[BlackElo "2553"]
[Annotator "Gurevich,M"]
[PlyCount "60"]
[EventDate "2005.07.09"]
[EventType "swiss"]
[EventRounds "9"]
[EventCountry "AND"]
[SourceTitle "CBM 107 Extra"]
[Source "ChessBase"]
[SourceDate "2005.09.01"]
[SourceVersion "1"]
[SourceVersionDate "2005.09.01"]
[SourceQuality "1"]

1. c4 c6 2. Nf3 d5 3. e3 Bg4 4. Qb3 (4. h3 Bxf3 5. Qxf3 e6 6. b3 Nf6 7. Bb2
Nbd7 8. Qd1 Bd6 9. Be2 O-O 10. O-O e5 11. d4 exd4 12. Bxd4 dxc4 13. Bxc4 Ne5
14. Be2 Qe7 15. Qc2 Ng6 16. Nd2 Be5 17. Nf3 Bxd4 18. Nxd4 Qe5 19. Rac1 Rad8 $11
{1/2-1/2 Mirzoev,A-Peralta,F/Brena Baja ESP 2005/The Week in Chess 553 (73)})
4... Qc7 5. cxd5 (5. Ne5 Be6 6. d4 Nd7 7. Nxd7 dxc4 8. Qc2 Qxd7 9. Nd2 Nf6 10.
Nxc4 g6 11. Ne5 Qc8 12. Bd3 Bg7 13. O-O O-O 14. Bd2 a5 15. f4 Nd7 16. Nxd7 Qxd7
17. f5 gxf5 18. Bxf5 Bxf5 19. Rxf5 $36 {1/2-1/2 Jakubiec,A-Zawadzki,S/Cappelle
la Grande 2003/CBM 092 ext (25)}) 5... cxd5 6. Nc3 Bxf3 7. gxf3 e6 8. d4 Nc6 9.
Bd2 Nf6 10. Rc1 Be7 $5 (10... a6 11. Na4 Nd7 12. Bb4 Bxb4+ 13. Qxb4 Qa5 14.
Qxa5 Nxa5 15. Nc5 Nxc5 16. dxc5 Ke7 17. f4 Rhc8 18. Kd2 Rc7 19. Bd3 Rac8 20. b4
Nc6 $11 {1/2-1/2 Koshy,V-Abdulla,A/Calcutta 1999/CBM 069 ext (48)}) 11. Bd3 O-O
12. Ne2 $5 {TN[/\e3-e4-e5|^>>]} (12. f4) 12... Qd7 $1 13. Bc3 Bd6 $5 14. f4 (
14. e4 e5 $1 15. exd5 Nxd4 16. Nxd4 exd4 17. Bxd4 Nxd5 $36) 14... a6 15. Ng1 {
[/\Ng1-f3-e5;} (15. f3 $5 Nh5 $5 16. Ng3 Nf6 17. O-O Rac8 $13) 15... Ne4 $5 16.
Bxe4 (16. Nf3 Nxc3 17. bxc3 Na5 $132) 16... dxe4 17. f3 exf3 (17... Qe7 18.
fxe4 Qh4+ 19. Ke2 Qg4+ 20. Kf2 (20. Kd3 b5 $40) 20... Qh4+ $11) 18. Nxf3 Ne7 $5
{[/\19...Nd5|^]} 19. Bb4 Bxb4+ 20. Qxb4 Nd5 21. Qb3 Rac8 22. Ke2 $5 h6 (22...
Rc7 $5 23. Ne5 Qe7 24. Rxc7 Qxc7 25. Nd3 Qe7 26. e4 Nf6 27. Nf2 Qd7 28. Rd1 $13
) 23. a3 Rxc1 $6 (23... Rc7 $142) 24. Rxc1 Rc8 25. Ne5 Qd8 (25... Qe8 26. Rxc8
Qxc8 27. Qc4 Qd8 $11) 26. Qxb7 $5 (26. Rxc8 Qxc8 27. f5 Qc1 $132) 26... Rxc1
27. Qxf7+ $11 Kh8 (27... Kh7 28. Qg6+ Kg8 29. Qxe6+ Kh7 $11) 28. Ng6+ Kh7 29.
Nf8+ Kh8 30. Ng6+ Kh7 1/2-1/2

[Event "Gibraltar Masters"]
[Site "Gibraltar"]
[Date "2006.01.29"]
[Round "6"]
[White "McNab, Colin Anderson"]
[Black "Gurevich, Mikhail"]
[Result "0-1"]
[WhiteElo "2456"]
[BlackElo "2633"]
[Annotator "Gurevich,M"]
[PlyCount "86"]
[EventDate "2006.01.24"]
[EventType "swiss"]
[EventRounds "10"]
[EventCountry "ENG"]
[SourceTitle "CBM 110 Extra"]
[Source "ChessBase"]
[SourceDate "2006.03.10"]
[SourceVersion "2"]
[SourceVersionDate "2006.03.10"]
[SourceQuality "1"]

1. c4 c6 2. Nf3 d5 3. e3 Nf6 4. Nc3 a6 5. b3 Bf5 6. Be2 e6 7. O-O (7. Nh4 Bg6
8. Nxg6 hxg6 9. d4 Nbd7 10. Bb2 Bd6 11. Qc2 Qe7 12. c5 Bc7 13. f4 g5 14. g3
gxf4 15. exf4 g5 16. fxg5 Bxg3+ 17. Kd1 Ng8 $17 {0-1 Gurevich,M-Izoria,Z/
Bastia 2005/Mega2006 (30)}) 7... Bd6 $5 {[/\8...Qe7,9...Nbd7<=>>>]} (7... Nbd7)
8. d3 $5 {TN[/\9.Bb2,10.e4;} (8. d4 Nbd7 9. Bb2 h6 10. Rc1 O-O 11. Nd2 Qe7 12.
c5 Bc7 13. f4 Ne4 14. Ndxe4 dxe4 15. b4 Nf6 16. a4 Nd5 17. Nxd5 exd5 18. b5
axb5 19. axb5 Ra2 20. Qb3 Rfa8 21. Ra1 Rxa1 22. Rxa1 Rxa1+ 23. Bxa1 {1/2-1/2
Thompson,I-Westerinen,H/Gausdal 2004/PowerBook2005 (23)}) 8... Nbd7 9. Bb2 Qe7
10. Re1 (10. e4 dxe4 11. Nxe4 Nxe4 12. dxe4 Bxe4 13. Bxg7 (13. Qd4 Bxf3 $1 14.
Bxf3 (14. Qxg7 Bxe2 15. Qxh8+ Qf8 $19) 14... Be5 $17) 13... Rg8 $40) (10. Nh4
$5 Bg6 11. f4 O-O-O $132) 10... Rd8 $5 11. Qc2 O-O 12. h3 {[/\13.Nh4;} (12. Nh4
Bg4) 12... h6 13. Rad1 (13. e4 dxe4 14. dxe4 (14. Nxe4 Nxe4 15. dxe4 Bg6 $15)
14... Bg6 $15) 13... Bg6 $5 {[/\14...b5<=><<;} (13... b5 $2 14. Nd4 Rc8 15.
Nxf5 $14) 14. Nh4 Bh7 15. g3 (15. Nf3 $142) 15... b5 $1 {[/\16...Rb8,17....
Rfc8|^<<;xKg1]} 16. Qc1 Rb8 17. Nb1 Rfc8 18. Nd2 Nc5 $5 19. Bxf6 $5 {[/\20.d4,
21.c5;} (19. e4 dxe4 20. dxe4 Ncxe4 $15) (19. d4 Nd3 20. Bxd3 Bxd3 21. c5 Bc7
22. Ndf3 Bh7 $17) 19... Qxf6 20. d4 Ne4 $5 21. Nxe4 dxe4 $5 $17 {[XNh4]} (21...
Bxe4 22. c5 Bc7 23. f4 $15) 22. Rf1 g5 23. Ng2 Bf5 24. g4 Bg6 25. f4 $6 (25. f3
$5 exf3 26. Rxf3 Qg7 27. c5 Bc7 28. Bd3 e5 $15) 25... Qe7 26. c5 Bc7 27. f5 Bh7
28. Qc2 (28. f6 Qd7 {(/\29...Ra8,30...Bb8,31...Qc7->>>)}) 28... exf5 29. gxf5
f6 30. a4 Rd8 31. axb5 axb5 32. Ra1 Ra8 33. Bg4 Kg7 {[/\Bh7-g7-d5]} 34. Rfb1 $6
$138 h5 $1 35. Bxh5 Bxf5 $19 {[XKg1]} 36. Bg4 Bxg4 37. hxg4 Qe6 38. Qd1 {
[/\Ng2-e1-c2-b4]} Bg3 $1 {[XKg1,Ng2;/\39...Kg6,Qe6-d7-h7-h2]} 39. Kf1 (39. Ne1
Bxe1) 39... Rh8 40. Rxa8 Rh1+ 41. Ke2 Qxg4+ 42. Kd2 Rxd1+ 43. Rxd1 Qf3 0-1

[Event "Vlissingen HZ op 03rd"]
[Site "Vlissingen"]
[Date "1999.08.12"]
[Round "4"]
[White "Gurevich, Mikhail"]
[Black "Savchenko, Stanislav"]
[Result "1-0"]
[WhiteElo "2643"]
[BlackElo "2583"]
[Annotator "Gurevich,M"]
[PlyCount "76"]
[EventDate "1999.08.09"]
[EventType "swiss"]
[EventRounds "7"]
[EventCountry "NED"]
[SourceTitle "EXT 2000"]
[Source "ChessBase"]
[SourceDate "1999.11.16"]
[SourceVersion "1"]
[SourceVersionDate "1999.11.16"]
[SourceQuality "1"]

1. c4 c6 2. Nf3 d5 3. e3 Nf6 4. Nc3 e6 5. b3 Nbd7 6. Qc2 Bd6 7. Bb2 O-O 8. Be2
Re8 9. g4 $5 Ne5 {TN} (9... Nxg4 10. Rg1 Ngf6 11. Ng5 $6 Nf8 12. f4 e5 $15 {
Gurevich,D-Pavasovic Bern 1995}) 10. Nxe5 Bxe5 11. g5 Nd7 (11... Ne4 $5 12.
Nxe4 (12. d4 Nxc3 13. Bxc3 Bd6 $13) 12... Bxb2 13. Qxb2 dxe4 14. Qe5 f5 15.
gxf6 (15. Rg1 $5 Bd7 16. O-O-O $14) 15... Qxf6 16. Qxf6 gxf6 17. Rg1+ Kh8 $14)
12. f4 Bd6 13. h4 (13. d4 c5 $132) 13... Qe7 14. O-O-O $5 Ba3 (14... dxc4 15.
Bxc4 e5 (15... b5 16. Bd3 Nf8 17. Ne4 $14) 16. g6 $1 $36) 15. d4 $1 $14 Bxb2+ (
15... b6 $5 {/\16...Bb7}) 16. Kxb2 b6 17. Bd3 Nf8 18. e4 $5 (18. h5 $5 dxc4 19.
Bxc4 Bb7 20. Ne4 $36) 18... Bb7 19. Rhe1 Rac8 $5 (19... dxc4 20. Bxc4 c5 21. d5
$14) 20. Qf2 dxc4 21. Bxc4 b5 22. Bd3 a6 $1 {[/\23...c5<=><<]} 23. f5 $1 $36
e5 24. f6 Qd6 (24... gxf6 25. gxf6 $18) 25. fxg7 Ne6 (25... Kxg7 26. Rf1 Rc7
27. Ne2 $1 $40) 26. dxe5 Qxe5 27. Qf6 Nxg7 28. Bc2 $1 $16 {[/\29.Rd7]} b4 $6 (
28... Rc7 $142 29. Qxe5 Rxe5 30. Rd8+ Re8 31. Red1 $16) 29. Qxe5 Rxe5 30. Na4
Rce8 31. Nb6 Nh5 32. Nd7 R5e7 33. e5 Bc8 34. Nf6+ $18 Nxf6 35. gxf6 Rd7 36.
Rg1+ Kh8 37. Rxd7 Bxd7 38. Rg7 Be6 $138 1-0

[Event "Werther Schloss op-A 12th"]
[Site "Werther"]
[Date "2006.04.07"]
[Round "3"]
[White "Schebler, Gerhard"]
[Black "Buhmann, Rainer"]
[Result "1/2-1/2"]
[WhiteElo "2465"]
[BlackElo "2546"]
[Annotator "Gutman,L"]
[PlyCount "76"]
[EventDate "2006.04.06"]
[EventType "swiss"]
[EventRounds "7"]
[EventCountry "GER"]
[SourceTitle "CBM 111 Extra"]
[Source "ChessBase"]
[SourceDate "2006.05.09"]
[SourceVersion "1"]
[SourceVersionDate "2006.05.09"]
[SourceQuality "1"]

1. Nf3 d5 2. g3 Nf6 3. Bg2 c6 4. c4 dxc4 5. O-O Nbd7 6. Qc2 Nb6 7. a4 a5 8. Na3
g6 9. Nxc4 Nxc4 10. Qxc4 Bg7 ({Nachteilig für Schwarz war} 10... Be6 11. Qc2
Bg7 12. e4 O-O 13. d4 Qc8 14. Re1 $14 {, Jenni-Buss, Schweizerische Liga 2004})
11. e4 O-O {Diagramm [#]} 12. Re1 ({Bereits eine Ungenauigkeit.} 12. d3 $5 {
wurde zurecht von Matamoros bevorzugt.} {Nach 12...} Be6 ({falls} 12... Nd7 {
, so} 13. Qc2 $5 (13. Rb1 Nb6 14. Qc2 Bg4 15. b4 Bxf3 16. Bxf3 Bd4 17. Bh6 Re8
18. Bd2 axb4 19. Rxb4 c5 $11 {ergab Ausgleich in Matamoros-Illescas,Dos
Hermanos 2006}) 13... Nb6 14. Be3 Bg4 15. Ng5 h6 16. h3 $14) 13. Qc2 Qc8 14.
Be3 Bh3 15. Rab1 Bxg2 16. Kxg2 Nd7 17. b4 axb4 18. Rxb4 c5 19. Rc4 b6 20. d4
Qa6 21. dxc5 Nxc5 22. Bxc5 bxc5 23. Rb1 $14 {stand Weiß besser in
Matamoros-Malachatko,Coria del Rio 2006}) 12... Be6 13. Qc2 Bg4 $1 14. d3 ({Auf
} 14. Ne5 {ist 14...} Qd4 $1 $15 {störend.}) 14... Nd7 15. Be3 c5 16. Ng5 (16.
h3 Bxf3 17. Bxf3 Rc8 $15 {ist gut für Schwarz.}) 16... h6 17. h3 hxg5 18. hxg4
e5 $2 ({Nimmt von seinem eigenen Springer das beste Feld weg. Stärker war 18...
} 18... Rc8 19. Bxg5 Ne5 20. Red1 Qd7 $15 {mit besserem Spiel für Schwarz.})
19. Bf3 Rc8 20. Qd2 Bf6 21. Rac1 b6 22. Bd1 Kg7 23. Bb3 Qe7 24. Kg2 Rh8 25. Rh1
Rcd8 26. Qc2 Nb8 27. Rxh8 Rxh8 28. Bd5 Na6 29. Bd2 Nc7 ({Keinem Ausgleich
versprach} 29... Nb4 30. Bxb4 axb4 31. a5 bxa5 32. Qxc5 Qxc5 33. Rxc5 $14) 30.
Bc4 Qd7 $2 (30... Ne8 31. Qb3 Nd6 {war angebracht,} 32. Bd5 (32. Qxb6 $6 {
ist zu riskant wegen 32...} Nxc4 33. Rxc4 Qd7) 32... Qd8 $11 {und Weiß kommt
nicht weiter.}) 31. Qb3 Qxg4 32. Rh1 $6 (32. Qxb6 $1 Qh3+ 33. Kf3 $16 {mit
guten Gewinnschancen}) 32... Rxh1 33. Kxh1 Ne6 34. Bxe6 Qxe6 35. Qxe6 fxe6 36.
f3 Kf7 37. Kg2 g4 38. fxg4 Ke7 1/2-1/2

[Event "Bad Zwesten op"]
[Site "Bad Zwesten"]
[Date "2008.01.05"]
[Round "6"]
[White "Skembris, Spyridon"]
[Black "Sorm, Daniel"]
[Result "0-1"]
[WhiteElo "2469"]
[BlackElo "2330"]
[Annotator "Gutman,L"]
[PlyCount "50"]
[EventDate "2008.01.02"]
[EventType "swiss"]
[EventRounds "9"]
[EventCountry "GER"]
[SourceTitle "CBM 123"]
[Source "ChessBase"]
[SourceDate "2008.04.02"]
[SourceVersion "1"]
[SourceVersionDate "2008.04.02"]
[SourceQuality "1"]

1. c4 c6 2. Nc3 d5 3. e3 e5 4. Qh5 $6 ({Eine neue, aber keine gute Idee. Weiß
gewinnt einem Bauern auf Kosten eines katastrophalen Entwicklungsrückstands.
Meistens wird} 4. d4 $5 {bevorzugt.}) 4... Bd6 5. cxd5 Nf6 6. Qe2 cxd5 7. Nxd5
Nxd5 8. Qb5+ Nc6 9. Qxd5 O-O 10. Qb3 Be6 11. Qd1 ({Kaum günstiger wäre} 11. Qa4
Rc8 12. Ne2 Nb4 13. Nc3 Bf5 $17 {gewesen.}) 11... f5 $6 ({Besser gefällt} 11...
Nb4 $1 12. a3 Qa5 $17 {mit vernichtenden Angriff.}) 12. Ne2 f4 13. Nc3 Qh4 14.
Qa4 $2 ({Mehr Widerstand versprach} 14. g3 fxg3 15. fxg3 Qh6 16. Bg2 Rf7) 14...
Bb4 ({Wiederum war} 14... Nb4 $1 {sehr stark in Hinblick auf} 15. a3 fxe3 16.
axb4 Rf4 $19) 15. e4 Rad8 16. d3 ({Auch nach dem besseren} 16. Bb5 Nd4 17. h3
a6 18. Bd3 Bc5 {ist Weiß nicht zu beneiden.}) 16... Bc5 17. Nd1 Nd4 18. Nc3 b5
(18... Nf3+ 19. Kd1 Qxf2 $19) 19. Qd1 Nb3 20. g3 Bxf2+ 21. Kxf2 fxg3+ 22. Kg1
g2 23. Be3 gxf1=Q+ 24. Qxf1 Qg4+ 25. Qg2 Nxa1 0-1